[Event "Biel Rapid op 58th"]
[Site "Biel"]
[Date "2025.07.13"]
[Round "9"]
[White "Federer, Colin"]
[Black "Maier, Christian"]
[Result "1/2-1/2"]
[WhiteElo "2303"]
[BlackElo "2224"]
[PlyCount "95"]
[EventDate "2025.07.13"]
[EventType "swiss (rapid)"]
[EventRounds "9"]
[EventCountry "SUI"]
[SourceTitle "CB29_2025"]
[SourceDate "2025.07.16"]
[SourceVersion "1"]
[SourceVersionDate "2025.07.16"]
[SourceQuality "1"]

1. e4 e5 2. Nf3 Nc6 3. Bc4 Bc5 4. d3 Nf6 5. Bg5 h6 6. Bh4 g5 7. Bg3 d6 8. c3 Qe7 9. Nbd2 a6 10. 0-0 Ba7 11. Kh1 Bg4 12. a4 h5 13. h4 Nh7 14. b4 Nd8 15. b5 Ne6 16. bxa6 bxa6 17. Bd5 Rd8 18. Rb1 Nf4 19. Rb7 Bb8 20. Bc6+ Kf8 21. d4 Ng6 22. Qb3 Kg7 23. hxg5 Nxg5 24. Nh4 Nxe4 25. Nxg6 Nxg3+ 26. fxg3 fxg6 27. Bd5 Bf5 28. Nf3 e4 29. Nh4 Rhf8 30. Nxf5+ gxf5 31. Be6 h4 32. g4 fxg4 33. Rxf8 Qxf8 34. Qd1 Qf4 35. Qxg4+ Qxg4 36. Bxg4 d5 37. Be2 a5 38. Rb5 c6 39. Rxa5 Bg3 40. Ra7+ Kf8 41. Rb7 Ra8 42. Bd1 Be1 43. Rh7 Kg8 44. Rc7 Bxc3 45. Rxc6 Bxd4 46. Rd6 Rf8 47. Be2 Rf5 48. Rxd5 1/2-1/2

[Event "Biel Rapid op 58th"]
[Site "Biel"]
[Date "2025.07.13"]
[Round "5"]
[White "Federer, Colin"]
[Black "Tereshchenko, Eva"]
[Result "1-0"]
[WhiteElo "2303"]
[BlackElo "1809"]
[PlyCount "72"]
[EventDate "2025.07.13"]
[EventType "swiss (rapid)"]
[EventRounds "9"]
[EventCountry "SUI"]
[SourceTitle "CB29_2025"]
[SourceDate "2025.07.16"]
[SourceVersion "1"]
[SourceVersionDate "2025.07.16"]
[SourceQuality "1"]

1. d4 d5 2. c4 dxc4 3. e4 e5 4. d5 Nf6 5. Nc3 b5 6. Qc2 Bb4 7. Nf3 Nbd7 8. a4 Ba6 9. axb5 Bxb5 10. Bd2 Bxc3 11. Bxc3 Qe7 12. Be2 0-0 13. 0-0 c6 14. Rfd1 cxd5 15. exd5 Qd6 16. Ng5 h6 17. Ne4 Nxe4 18. Qxe4 Nc5 19. Qe3 Nd3 20. b3 Nf4 21. bxc4 Nxe2+ 22. Qxe2 Qc7 23. d6 Qxc4 24. Qxc4 Bxc4 25. d7 Bb3 26. Rd2 a5 27. Rxa5 Rad8 28. Ra7 Be6 29. f3 Rb8 30. Ba5 Bxd7 31. Rdxd7 Rb1+ 32. Kf2 Rb2+ 33. Kg3 Rb3 34. Bc7 e4 35. Bd6 Re8 36. Rxf7 exf3 1-0

[Event "Biel Rapid op 58th"]
[Site "Biel"]
[Date "2025.07.13"]
[Round "3"]
[White "Federer, Colin"]
[Black "Vincenti, Leonardo"]
[Result "1/2-1/2"]
[WhiteElo "2303"]
[BlackElo "2265"]
[PlyCount "231"]
[EventDate "2025.07.13"]
[EventType "swiss (rapid)"]
[EventRounds "9"]
[EventCountry "SUI"]
[SourceTitle "CB29_2025"]
[SourceDate "2025.07.16"]
[SourceVersion "1"]
[SourceVersionDate "2025.07.16"]
[SourceQuality "1"]

1. e4 e6 2. d4 d5 3. Nc3 Nf6 4. Bg5 dxe4 5. Nxe4 Be7 6. Bxf6 gxf6 7. Nf3 f5 8. Nc3 b6 9. g3 Bb7 10. Bg2 Nd7 11. Qe2 Nf6 12. 0-0-0 Nd5 13. Nxd5 Bxd5 14. Kb1 Qd6 15. Ne1 0-0-0 16. c3 f4 17. Bxd5 Qxd5 18. Nd3 fxg3 19. hxg3 Bd6 20. Rh5 Qc4 21. Rdh1 c5 22. Qf3 cxd4 23. cxd4 Kb8 24. Rxh7 Rxh7 25. Rxh7 Qxd4 26. Rxf7 Bc7 27. Nc1 Qc5 28. Nb3 Qb4 29. a3 Qd6 30. Ka2 a5 31. Qe4 e5 32. Rg7 Qe6 33. Rg6 Qf7 34. Rc6 Rd4 35. Qg6 Qd5 36. Qe6 a4 37. Qxd5 Rxd5 38. Nc1 Rd2 39. Rc4 Rxf2 40. Rxa4 Rg2 41. g4 Kb7 42. Kb3 Kc6 43. Rc4+ Kd7 44. Kc3 Bd6 45. Nd3 Ke6 46. a4 Kd5 47. Nb4+ Ke6 48. Nd3 Kd5 49. Nb4+ Ke6 50. Rc6 e4 51. Nc2 Rxg4 52. Rxb6 Ke5 53. a5 Rg3+ 54. Kd2 Rg2+ 55. Kc3 Bc5 56. Rb5 Kd6 57. b4 Rg3+ 58. Kc4 Bf2 59. Rb6+ Bxb6 60. axb6 Rd3 61. b5 Rd2 62. Ne3 Rb2 63. Kd4 Rxb5 64. Kxe4 Kc6 65. Kd4 Rxb6 66. Nc4 Rb4 67. Kc3 Kc5 68. Nd2 Rh4 69. Nb3+ Kd5 70. Nd2 Rh3+ 71. Kc2 Kd4 72. Nb3+ Kc4 73. Nd2+ Kb4 74. Ne4 Re3 75. Nd2 Rg3 76. Ne4 Rh3 77. Nd2 Re3 78. Kb2 Rc3 79. Nb1 Rd3 80. Kc2 Rd7 81. Nd2 Rd4 82. Nf3 Rf4 83. Nd2 Rd4 84. Nf3 Rd5 85. Nd2 Kc5 86. Kc3 Rh5 87. Ne4+ Kc6 88. Kd4 Rh4 89. Ke5 Kd7 90. Kd5 Rh5+ 91. Kd4 Ke6 92. Nc5+ Kd6 93. Ne4+ Kc6 94. Nf6 Rg5 95. Ne4 Rf5 96. Kc4 Rd5 97. Nc3 Rd2 98. Ne4 Re2 99. Nc3 Re5 100. Kd4 Kd6 101. Ne4+ Ke6 102. Nc5+ Kf5 103. Nd3 Ra5 104. Nc5 Kf4 105. Ne6+ Kf3 106. Nc5 Ra1 107. Nd3 Rd1 108. Kc4 Ke3 109. Nc5 Rd4+ 110. Kc3 Rd6 111. Kc4 Rd8 112. Ne6 Rd7 113. Nc5 Rd6 114. Kc3 Rd4 115. Nb3 Rc4+ 116. Kxc4 1/2-1/2

[Event "Bodensee op 9th"]
[Site "Bregenz"]
[Date "2025.05.27"]
[Round "4"]
[White "Federer, Colin"]
[Black "Heilinger, Dietmar"]
[Result "1/2-1/2"]
[WhiteElo "2134"]
[BlackElo "1991"]
[PlyCount "50"]
[EventDate "2025.05.24"]
[EventType "swiss"]
[EventRounds "9"]
[EventCountry "AUT"]
[SourceTitle "CB23_2025"]
[SourceDate "2025.06.04"]
[SourceVersion "1"]
[SourceVersionDate "2025.06.04"]
[SourceQuality "1"]

1. e4 e6 2. d4 d5 3. Nc3 dxe4 4. Nxe4 Nd7 5. Nf3 Ngf6 6. Nxf6+ Nxf6 7. Be3 Nd5 8. Bd2 Be7 9. c4 Nf6 10. Bd3 c5 11. Bc3 Qc7 12. 0-0 0-0 13. Qc2 h6 14. Rad1 b6 15. d5 exd5 16. cxd5 Bg4 17. Bxf6 Bxf6 18. d6 Qd7 19. Be2 Rad8 20. Rfe1 Rfe8 21. Qb3 Re4 22. h3 Rb4 23. Qe3 Bxf3 24. Qxf3 Rd4 25. Rxd4 cxd4 1/2-1/2

[Event "Sardinia World op-A"]
[Site "Orosei"]
[Date "2025.05.02"]
[Round "8"]
[White "Federer, Colin"]
[Black "Kienboeck, Benjamin"]
[Result "1/2-1/2"]
[WhiteElo "2103"]
[BlackElo "2240"]
[PlyCount "119"]
[EventDate "2025.04.27"]
[EventType "swiss"]
[EventRounds "9"]
[EventCountry "ITA"]
[SourceTitle "CB19_2025"]
[SourceDate "2025.05.07"]
[SourceVersion "1"]
[SourceVersionDate "2025.05.07"]
[SourceQuality "1"]

1. e4 c6 2. d4 d5 3. e5 c5 4. dxc5 e6 5. Be3 Nd7 6. Bb5 Ne7 7. Bd4 Nc6 8. Bxc6 bxc6 9. b4 a5 10. a3 Ba6 11. f4 Be7 12. Nf3 0-0 13. Nbd2 f6 14. c4 fxe5 15. fxe5 Bh4+ 16. g3 Bg5 17. 0-0 Bxd2 18. Nxd2 Bxc4 19. Nxc4 dxc4 20. Qe2 axb4 21. axb4 Rxa1 22. Rxa1 Nb6 23. Qg4 Nd5 24. Qxe6+ Kh8 25. Qxc6 Nf4 26. Be3 Qd3 27. gxf4 Qxe3+ 28. Kh1 c3 29. Qg2 Qxf4 30. b5 Qxe5 31. b6 Qxc5 32. b7 c2 33. Rc1 Qb4 34. h3 Qb1 35. Qxc2 Qxb7+ 36. Qg2 Qf7 37. Rg1 Qf6 38. Qg5 Qf3+ 39. Qg2 Qc3 40. Qg3 Qc6+ 41. Qg2 Qf6 42. Qg5 Qxg5 43. Rxg5 Rf2 44. Ra5 h6 45. Kg1 Rb2 46. Ra8+ Kh7 47. Ra6 h5 48. Rc6 g6 49. Rc5 Kg7 50. Rc6 Re2 51. Ra6 Kh6 52. Ra5 h4 53. Rb5 Re3 54. Kg2 Rg3+ 55. Kh2 Rf3 56. Kg2 Rf5 57. Rb4 Kh5 58. Ra4 Kg5 59. Rg4+ Kh5 60. Ra4 1/2-1/2

[Event "Sardinia World op-A"]
[Site "Orosei"]
[Date "2025.04.28"]
[Round "3"]
[White "Dalaud, Dorian"]
[Black "Federer, Colin"]
[Result "1/2-1/2"]
[WhiteElo "2303"]
[BlackElo "2103"]
[PlyCount "207"]
[EventDate "2025.04.27"]
[EventType "swiss"]
[EventRounds "9"]
[EventCountry "ITA"]
[SourceTitle "CB19_2025"]
[SourceDate "2025.05.07"]
[SourceVersion "1"]
[SourceVersionDate "2025.05.07"]
[SourceQuality "1"]

1. e4 c5 2. Nf3 d6 3. d4 cxd4 4. Nxd4 Nf6 5. Nc3 a6 6. Bg5 Nbd7 7. f3 e6 8. Qd2 Be7 9. 0-0-0 Qc7 10. Kb1 Nc5 11. Nb3 Bd7 12. Nxc5 Qxc5 13. g4 h6 14. Be3 Qc7 15. h4 b5 16. Bh3 0-0-0 17. g5 Nh5 18. gxh6 gxh6 19. Bxh6 Rdg8 20. Bg4 Nf6 21. Bg5 b4 22. Ne2 Nxe4 23. fxe4 f6 24. Nd4 fxg5 25. Bxe6 Bxe6 26. Nxe6 Qc4 27. Nd4 gxh4 28. Nf5 Qxe4 29. Qd5 Qxd5 30. Nxe7+ Kb7 31. Nxd5 h3 32. b3 h2 33. Kb2 Rg2 34. Ne3 Re2 35. Nc4 Rg8 36. Nxd6+ Kc7 37. Nf5 Reg2 38. Rd4 Rf2 39. Rc4+ Kd7 40. Rh4 Rxf5 41. R1xh2 a5 42. Rc4 Rgg5 43. Rh7+ Kd6 44. Rhc7 Rc5 45. Ra7 Rxc4 46. bxc4 Kc6 47. Ra6+ Kc7 48. Rh6 Rg4 49. Rh5 Kb6 50. Rh6+ Kb7 51. Kb3 Rg3+ 52. Ka4 Ra3+ 53. Kb5 Rxa2 54. Rh7+ Kc8 55. Rh2 Rb2 56. c5 b3 57. Rh8+ Kc7 58. Rh7+ Kb8 59. c4 Re2 60. Kb6 Re8 61. c6 b2 62. Rb7+ Ka8 63. Ra7+ Kb8 64. Rb7+ Ka8 65. Ka6 Re6 66. Rxb2 Rxc6+ 67. Kb5 Kb7 68. c5 Rh6 69. Rg2 a4 70. Rg7+ Kc8 71. Rg8+ Kc7 72. Rg7+ Kc8 73. Kxa4 Rh1 74. Kb5 Rh6 75. Ra7 Kb8 76. Ra4 Kb7 77. Rd4 Kc7 78. Rf4 Rg6 79. Rh4 Kb7 80. Rh7+ Kc8 81. Rh1 Kc7 82. Rh8 Kb7 83. Rh7+ Kc8 84. Kc4 Rg1 85. Kd5 Rg6 86. Re7 Kd8 87. Re6 Rxe6 88. Kxe6 Kc7 89. Kd5 Kd7 90. Kd4 Kc6 91. Kc4 Kc7 92. Kb5 Kb7 93. c6+ Kc7 94. Kc5 Kc8 95. Kd6 Kd8 96. Ke6 Kc7 97. Kd5 Kc8 98. Kc5 Kc7 99. Kb5 Kc8 100. Ka6 Kc7 101. Kb5 Kc8 102. Kb6 Kb8 103. c7+ Kc8 104. Kc6 1/2-1/2

[Event "Karlsruhe Grenke op"]
[Site "Karlsruhe"]
[Date "2025.04.17"]
[Round "1"]
[White "Wadsworth, Matthew J"]
[Black "Federer, Colin"]
[Result "1-0"]
[WhiteElo "2500"]
[BlackElo "2103"]
[PlyCount "85"]
[EventDate "2025.04.17"]
[EventType "swiss"]
[EventRounds "9"]
[EventCountry "GER"]
[SourceTitle "CB17_2025"]
[SourceDate "2025.04.23"]
[SourceVersion "1"]
[SourceVersionDate "2025.04.23"]
[SourceQuality "1"]

1. Nf3 Nf6 2. c4 g6 3. g3 Bg7 4. Bg2 0-0 5. d4 d5 6. cxd5 Nxd5 7. 0-0 Nb6 8. Nc3 Nc6 9. e3 a5 10. Qe2 e5 11. Nxe5 Nxe5 12. dxe5 Bxe5 13. f4 Bg7 14. Rd1 Qe7 15. e4 a4 16. a3 Be6 17. Be3 Bb3 18. Rdc1 Rfd8 19. Nb5 c6 20. Bxb6 cxb5 21. e5 f6 22. Qxb5 fxe5 23. Rc7 Qd6 24. Rxb7 exf4 25. Bxd8 Rxd8 26. gxf4 Qxf4 27. Re1 Rd2 28. Kh1 Rxg2 29. Re8+ Bf8 30. Rxf8+ Kxf8 31. Qc5+ Kg8 32. Qc8+ Qf8 33. Qxf8+ Kxf8 34. Rb8+ Ke7 35. Kxg2 Kd6 36. Kf3 Kc5 37. Ke3 Bd5 38. Rh8 h5 39. h4 Be6 40. Rb8 Bb3 41. Rb4 Kc6 42. Kd4 Bc2 43. Rc4+ 1-0

[Event "Wch U14"]
[Site "Florianopolis"]
[Date "2024.11.03"]
[Round "6"]
[White "Medero Mino, Leon"]
[Black "Federer, Colin"]
[Result "0-1"]
[WhiteElo "1818"]
[BlackElo "2185"]
[PlyCount "105"]
[EventDate "2024.10.29"]
[EventType "swiss"]
[EventRounds "11"]
[EventCountry "BRA"]
[SourceTitle "CB45_2024"]
[Source "ChessBase"]
[SourceDate "2024.11.06"]
[SourceVersion "1"]
[SourceVersionDate "2024.11.06"]
[SourceQuality "1"]

1. e4 c5 2. Nf3 d6 3. Bb5+ Nd7 4. 0-0 a6 5. Bxd7+ Bxd7 6. Re1 e6 7. d4 cxd4 8. Qxd4 e5 9. Qd3 h6 10. Nc3 Nf6 11. Nd1 Be7 12. c4 0-0 13. Ne3 Kh7 14. h3 g6 15. Kh2 b5 16. b3 Qb8 17. Ba3 Bc6 18. Nd5 Nxd5 19. cxd5 Bd7 20. g4 f5 21. gxf5 gxf5 22. Rg1 Qe8 23. exf5 Bxf5 24. Qe3 b4 25. Bb2 Qh5 26. Rg3 Rg8 27. Rag1 Rxg3 28. Rxg3 Rg8 29. h4 Bxh4 30. Nxh4 Qxh4+ 31. Kg1 Rxg3+ 32. fxg3 Qe4 33. Bc1 Qxe3+ 34. Bxe3 Kg6 35. Bb6 Kf7 36. Ba5 h5 37. Bxb4 Ke7 38. Bc3 Be4 39. b4 Bxd5 40. a4 Bc6 41. b5 axb5 42. a5 Ke6 43. a6 d5 44. Kf2 d4 45. Bb4 Kd5 46. Ke2 Kc4 47. Bd6 e4 48. Ba3 Kb3 49. Bc1 e3 50. a7 b4 51. a8Q Bxa8 52. Bxe3 dxe3 53. Kxe3 0-1

[Event "Wch U14"]
[Site "Florianopolis"]
[Date "2024.11.02"]
[Round "5"]
[White "Federer, Colin"]
[Black "Smirnov, Maksim"]
[Result "1/2-1/2"]
[WhiteElo "2185"]
[BlackElo "1840"]
[PlyCount "109"]
[EventDate "2024.10.29"]
[EventType "swiss"]
[EventRounds "11"]
[EventCountry "BRA"]
[SourceTitle "CB45_2024"]
[Source "ChessBase"]
[SourceDate "2024.11.06"]
[SourceVersion "1"]
[SourceVersionDate "2024.11.06"]
[SourceQuality "1"]

1. d4 c6 2. c4 d5 3. Nf3 Nf6 4. g3 Bf5 5. Nc3 e6 6. Nh4 Bg6 7. Nxg6 hxg6 8. Qd3 Nbd7 9. Bg2 Be7 10. 0-0 0-0 11. Rd1 Re8 12. Bf4 dxc4 13. Qxc4 Nd5 14. Bd2 Rc8 15. e4 N7b6 16. Qb3 Nxc3 17. Bxc3 Qc7 18. Rac1 Red8 19. Ba5 Bf6 20. d5 exd5 21. exd5 c5 22. Bh3 Ra8 23. Qb5 Be7 24. b4 c4 25. Rc2 Qd6 26. a3 g5 27. Bf1 Rdc8 28. Bxb6 axb6 29. Rxc4 Rxc4 30. Qxc4 Rxa3 31. Qc8+ Kh7 32. Qxb7 Ra2 33. Qc6 Ra7 34. Rc1 Qxb4 35. Rc4 Qb1 36. Rc1 Qb4 37. Qc8 Bc5 38. Qh3+ Kg8 39. Qc8+ Kh7 40. Qf5+ g6 41. Qf3 Kg7 42. Qe2 Re7 43. Qd3 Qb2 44. Rc2 Qf6 45. Kg2 Re5 46. Qb3 Rf5 47. Qa2 Qe5 48. Rd2 g4 49. Qb2 Qxb2 50. Rxb2 Rxd5 51. h3 gxh3+ 52. Kxh3 Rd1 53. Kg2 f5 54. Be2 Ra1 55. Rd2 1/2-1/2

[Event "Wch U14"]
[Site "Florianopolis"]
[Date "2024.11.01"]
[Round "4"]
[White "Askanazyan, Gor"]
[Black "Federer, Colin"]
[Result "1/2-1/2"]
[WhiteElo "1851"]
[BlackElo "2185"]
[PlyCount "84"]
[EventDate "2024.10.29"]
[EventType "swiss"]
[EventRounds "11"]
[EventCountry "BRA"]
[SourceTitle "CB45_2024"]
[Source "ChessBase"]
[SourceDate "2024.11.06"]
[SourceVersion "1"]
[SourceVersionDate "2024.11.06"]
[SourceQuality "1"]

1. e4 c5 2. Nf3 d6 3. d4 cxd4 4. Nxd4 Nf6 5. Nc3 a6 6. Bg5 Nbd7 7. Qe2 h6 8. Bh4 g6 9. f4 e5 10. fxe5 dxe5 11. 0-0-0 Qc7 12. Nb3 b5 13. Rxd7 Nxd7 14. Nd5 Qb8 15. Qd2 Bb7 16. Na5 g5 17. Bf2 Bg7 18. Bd3 Bxd5 19. exd5 0-0 20. h4 e4 21. Nc6 Qd6 22. Bxe4 Nf6 23. Bf5 g4 24. Be3 Rfe8 25. Rd1 Nxd5 26. Qxd5 Qxd5 27. Rxd5 Rxe3 28. Bxg4 Re1+ 29. Kd2 Rae8 30. c3 R1e4 31. Rf5 R8e6 32. Nb4 R6e5 33. Rxe5 Bxe5 34. Nxa6 Bd6 35. a3 Ra4 36. Nb4 Bxb4 37. cxb4 Ra6 38. Kc3 Rd6 39. b3 Ra6 40. Kb2 Kf8 41. Be2 Ke7 42. a4 Ke6 1/2-1/2

[Event "Wch U14"]
[Site "Florianopolis"]
[Date "2024.10.29"]
[Round "1"]
[White "Federer, Colin"]
[Black "Da Silva, Kauan Salvagni Tele"]
[Result "1/2-1/2"]
[WhiteElo "2185"]
[BlackElo "1773"]
[PlyCount "127"]
[EventDate "2024.10.29"]
[EventType "swiss"]
[EventRounds "11"]
[EventCountry "BRA"]
[SourceTitle "CB45_2024"]
[Source "ChessBase"]
[SourceDate "2024.11.06"]
[SourceVersion "1"]
[SourceVersionDate "2024.11.06"]
[SourceQuality "1"]

1. e4 c6 2. Nc3 d5 3. Nf3 dxe4 4. Nxe4 Nf6 5. Qe2 Nxe4 6. Qxe4 Nd7 7. Bc4 Nf6 8. Ne5 e6 9. Qe2 b5 10. Bd3 Qc7 11. a4 Bd6 12. Nxc6 0-0 13. Nd4 Bc5 14. Nxb5 Qe7 15. 0-0 Bb7 16. b4 Bxb4 17. c3 Bc5 18. Bc2 a6 19. Na3 Qc7 20. Kh1 Ba7 21. Rb1 h5 22. d4 Bb8 23. f4 h4 24. h3 Ra7 25. Nc4 g6 26. Rf2 Nh5 27. Kh2 Ng3 28. Qg4 Qxc4 29. Bxg6 fxg6 30. Qxg6+ Kh8 31. Ba3 Qc8 32. Qh6+ Kg8 33. Qg5+ Kf7 34. Qe7+ Kg8 35. Qg5+ Kf7 36. Bxf8 Qxf8 37. Rfb2 Qc8 38. Qxh4 Nf5 39. Qh5+ Kg8 40. Qg5+ Ng7 41. h4 Bd6 42. h5 Be4 43. Re1 Qxc3 44. Qd8+ Kh7 45. Rxe4 Qxb2 46. Qxd6 Qf2 47. Qa3 Rc7 48. Qd3 Qc2 49. Qf3 Rc3 50. Re2 Rxf3 51. Rxc2 Rxf4 52. Rc6 Rxd4 53. Rxa6 Rh4+ 54. Kg3 Rxh5 55. a5 Rg5+ 56. Kf3 Kg6 57. g4 Rb5 58. Ra8 Rb4 59. a6 Ra4 60. a7 e5 61. Ke3 Kf7 62. Kf3 Kg6 63. Ke3 Kf7 64. Kf3 1/2-1/2

[Event "Hvar Arsenal op 3rd"]
[Site "Hvar"]
[Date "2024.10.15"]
[Round "3"]
[White "Federer, Colin"]
[Black "Perusko, Niko"]
[Result "0-1"]
[WhiteElo "2185"]
[BlackElo "1918"]
[PlyCount "64"]
[EventDate "2024.10.14"]
[EventType "swiss"]
[EventRounds "9"]
[EventCountry "CRO"]
[SourceTitle "CB43_2024"]
[Source "Chessbase"]
[SourceDate "2024.10.23"]
[SourceVersion "1"]
[SourceVersionDate "2024.10.23"]
[SourceQuality "1"]

1. d4 d5 2. c4 e6 3. g3 f5 4. Bg2 Nf6 5. Nf3 Bd6 6. 0-0 0-0 7. b3 b6 8. Bb2 Bb7 9. Nbd2 Ne4 10. e3 Nd7 11. Qc2 c5 12. Rad1 Rc8 13. Qb1 Qe7 14. Qa1 Ndf6 15. Ne5 Ba6 16. Rfe1 cxd4 17. Nxe4 Nxe4 18. exd4 Bxe5 19. dxe5 dxc4 20. Bf1 b5 21. a4 b4 22. Re3 Qb7 23. f3 Ng5 24. Rd6 Nxf3+ 25. Rxf3 Qxf3 26. Rxa6 Qe3+ 27. Kh1 c3 28. Bc4 Rxc4 29. bxc4 Qe4+ 30. Kg1 Qd4+ 31. Kg2 Qd2+ 32. Kh3 cxb2 0-1

[Event "EU-ch U14"]
[Site "Prague"]
[Date "2024.08.30"]
[Round "8"]
[White "Balint, Peter1"]
[Black "Federer, Colin"]
[Result "1/2-1/2"]
[WhiteElo "2336"]
[BlackElo "2151"]
[PlyCount "93"]
[EventDate "2024.08.22"]
[EventType "swiss"]
[EventRounds "9"]
[EventCountry "CZE"]
[SourceTitle "CBM 221 Extra"]
[Source "ChessBase"]
[SourceDate "2024.09.30"]
[SourceVersion "1"]
[SourceVersionDate "2024.09.30"]
[SourceQuality "1"]

1. e4 c5 2. Nf3 d6 3. d4 cxd4 4. Nxd4 Nf6 5. Nc3 a6 6. Be2 e5 7. Nb3 Be7 8. 0-0 0-0 9. Re1 Be6 10. Bf3 Nbd7 11. a4 Nb6 12. Nd2 d5 13. exd5 Nbxd5 14. Nxd5 Bxd5 15. Rxe5 Bxf3 16. Qxf3 Qc7 17. Re1 Bd6 18. Nf1 Qxc2 19. Bg5 Qg6 20. Bh4 b6 21. Ne3 Rfe8 22. Nf5 Bc5 23. h3 Rxe1+ 24. Rxe1 Re8 25. Rd1 h6 26. Kh2 Kh7 27. g4 Ne4 28. Kg2 Qe6 29. Re1 Qc4 30. b3 Qb4 31. Re2 Nd2 32. Qd3 Rxe2 33. Qxe2 Qe4+ 34. Qxe4 Nxe4 35. Bd8 Nd2 36. b4 Bxb4 37. Bxb6 Nb3 38. Nd4 Bc5 39. Bxc5 Nxc5 40. a5 Nb7 41. Nb3 h5 42. Kf3 hxg4+ 43. hxg4 Kg6 44. Ke4 Kg5 45. f3 f6 46. Ke3 f5 47. gxf5 1/2-1/2

[Event "EU-ch U14"]
[Site "Prague"]
[Date "2024.08.24"]
[Round "3"]
[White "Banerjee, Aryan"]
[Black "Federer, Colin"]
[Result "1/2-1/2"]
[WhiteElo "1995"]
[BlackElo "2151"]
[PlyCount "135"]
[EventDate "2024.08.22"]
[EventType "swiss"]
[EventRounds "9"]
[EventCountry "CZE"]
[SourceTitle "CBM 221 Extra"]
[Source "ChessBase"]
[SourceDate "2024.09.30"]
[SourceVersion "1"]
[SourceVersionDate "2024.09.30"]
[SourceQuality "1"]

1. d4 Nf6 2. c4 g6 3. g3 Bg7 4. Bg2 d5 5. Nf3 0-0 6. 0-0 Nc6 7. Nc3 dxc4 8. d5 Nb4 9. Qa4 Nbxd5 10. Rd1 Nxc3 11. bxc3 Nd7 12. Qxc4 Nb6 13. Qb3 Bd7 14. Bh3 Qc8 15. Bxd7 Nxd7 16. Ba3 c5 17. Rd2 Nf6 18. Qc4 b6 19. Rad1 Qc7 20. Bb2 Rad8 21. Qa4 Rxd2 22. Rxd2 Rd8 23. Qd1 Rxd2 24. Qxd2 Ne4 25. Qd3 Nd6 26. e4 c4 27. Qe2 Qc6 28. e5 Qe4 29. Qxe4 Nxe4 30. Kf1 Nc5 31. Bc1 Nd3 32. Bf4 f6 33. exf6 Bxf6 34. Bd2 Kf7 35. Ke2 Ke6 36. Ng5+ Bxg5 37. Bxg5 Kd6 38. h4 b5 39. a3 h5 40. f3 e6 41. g4 Ne5 42. gxh5 gxh5 43. Ke3 Nc6 44. Ke4 a5 45. Bh6 Ke7 46. Be3 Kd6 47. Bh6 Ne7 48. Bf4+ Kd7 49. Bg3 Ng6 50. Be1 Kd6 51. Bg3+ Kc6 52. Be1 Kd7 53. Bf2 Ne7 54. Be1 Nd5 55. f4 b4 56. cxb4 axb4 57. axb4 c3 58. Bxc3 Nxc3+ 59. Ke5 Nd5 60. f5 Nxb4 61. fxe6+ Ke7 62. Kf5 Nd5 63. Kg6 Nf6 64. Kf5 Ne8 65. Kg6 Nf6 66. Kf5 Nh7 67. Kg6 Kxe6 68. Kxh5 1/2-1/2

[Event "Biel HTO 57th"]
[Site "Biel"]
[Date "2024.07.15"]
[Round "1"]
[White "Federer, Colin"]
[Black "Harsha, Bharathakoti"]
[Result "0-1"]
[WhiteElo "2187"]
[BlackElo "2569"]
[PlyCount "74"]
[EventDate "2024.07.15"]
[EventType "swiss"]
[EventRounds "10"]
[EventCountry "SUI"]
[SourceTitle "CBM 221"]
[Source "ChessBase"]
[SourceDate "2024.08.31"]
[SourceVersion "1"]
[SourceVersionDate "2024.08.31"]
[SourceQuality "1"]

1. e4 c5 2. Nf3 Nc6 3. d4 cxd4 4. Nxd4 Qb6 5. Nb3 Nf6 6. Nc3 e6 7. Be3 Qc7 8. a3 d6 9. Be2 a6 10. 0-0 Be7 11. a4 b6 12. f4 0-0 13. Bf3 Rb8 14. Qe2 Nd7 15. Qc4 Nc5 16. Nd4 Nxd4 17. Bxd4 Bd7 18. f5 b5 19. axb5 axb5 20. Qb4 Bc6 21. fxe6 Nxe6 22. Bf2 Bf6 23. Ra7 Rb7 24. Rxb7 Qxb7 25. Nd5 Be5 26. Ra1 Kh8 27. Ra7 Qb8 28. Ne7 Ba8 29. Nd5 f5 30. Ra5 fxe4 31. Bxe4 Ng5 32. Rxb5 Qe8 33. Bd3 Bxd5 34. Rxd5 Qf7 35. Be3 Qxd5 36. Bxg5 Bd4+ 37. Kh1 Bc5 0-1

[Event "SUI-ch U14"]
[Site "Naefels"]
[Date "2024.05.20"]
[Round "7"]
[White "Federer, Colin"]
[Black "Kostov, Troyan"]
[Result "1-0"]
[WhiteElo "2240"]
[BlackElo "1846"]
[PlyCount "81"]
[EventDate "2024.05.17"]
[EventType "swiss"]
[EventRounds "7"]
[EventCountry "SUI"]
[SourceTitle "EXT 2025"]
[Source "ChessBase"]
[SourceDate "2024.10.14"]
[SourceVersion "1"]
[SourceVersionDate "2024.10.14"]
[SourceQuality "1"]

1. e4 e5 2. Nf3 Nc6 3. Bc4 Bc5 4. d3 Nf6 5. Bg5 h6 6. Bh4 d6 7. c3 a6 8. a4 Be6 9. Nbd2 Bxc4 10. Nxc4 0-0 11. 0-0 Ba7 12. Ne3 Nb8 13. Qb3 Bxe3 14. fxe3 b6 15. Nd2 Nbd7 16. Rf5 g5 17. Bg3 Ng4 18. h3 Nc5 19. Qa2 Nxe3 20. Rf3 Nxd3 21. Rxe3 Nf4 22. Bxf4 gxf4 23. Re2 Qg5 24. Nf3 Qh5 25. Qc4 Rac8 26. Qxa6 Kh8 27. a5 Rg8 28. Kh2 bxa5 29. Qb7 Rce8 30. Rxa5 Rg3 31. Ra8 Rxa8 32. Qxa8+ Kg7 33. Qc8 Rxf3 34. gxf3 Qxf3 35. Qg4+ Qxg4 36. hxg4 Kf6 37. Kg2 c6 38. c4 Kg5 39. Kf3 f5 40. gxf5 h5 41. Rg2+ 1-0

[Event "SUI-ch U14"]
[Site "Naefels"]
[Date "2024.05.18"]
[Round "4"]
[White "Koehalmi Szabo, Mihaly"]
[Black "Federer, Colin"]
[Result "0-1"]
[WhiteElo "1907"]
[BlackElo "2240"]
[PlyCount "58"]
[EventDate "2024.05.17"]
[EventType "swiss"]
[EventRounds "7"]
[EventCountry "SUI"]
[SourceTitle "EXT 2025"]
[Source "ChessBase"]
[SourceDate "2024.10.14"]
[SourceVersion "1"]
[SourceVersionDate "2024.10.14"]
[SourceQuality "1"]

1. e4 c5 2. Nf3 d6 3. d4 cxd4 4. Qxd4 Nc6 5. Bb5 Bd7 6. Bxc6 Bxc6 7. c4 f5 8. exf5 Qa5+ 9. Nc3 Qxf5 10. Nd5 e5 11. Qd1 Rc8 12. 0-0 Nf6 13. Re1 Bxd5 14. cxd5 Be7 15. Qa4+ Qd7 16. Qb3 0-0 17. Be3 Bd8 18. Rac1 Ba5 19. Red1 Ng4 20. Rxc8 Rxc8 21. Rc1 Rxc1+ 22. Bxc1 Bb6 23. Be3 Qc8 24. h3 Bxe3 25. hxg4 Qc1+ 26. Kh2 Bxf2 27. g5 e4 28. Qa4 Qf4+ 29. Kh1 b5 0-1

[Event "Bodensee op"]
[Site "Bregenz"]
[Date "2024.05.07"]
[Round "4"]
[White "Hehle, Bernhard"]
[Black "Federer, Colin"]
[Result "0-1"]
[WhiteElo "1954"]
[BlackElo "2088"]
[PlyCount "90"]
[EventDate "2024.05.04"]
[EventType "swiss"]
[EventRounds "9"]
[EventCountry "AUT"]
[SourceTitle "CBM 220 Extra"]
[Source "ChessBase"]
[SourceDate "2024.07.31"]
[SourceVersion "1"]
[SourceVersionDate "2024.07.31"]
[SourceQuality "1"]

1. a3 Nf6 2. Nf3 g6 3. Nc3 d5 4. d4 Bg7 5. e3 0-0 6. Bd3 c5 7. dxc5 Nbd7 8. 0-0 Nxc5 9. Rb1 Nxd3 10. cxd3 Re8 11. Ne5 d4 12. exd4 Qxd4 13. Nf3 Qd8 14. Ne5 Nd7 15. Nxd7 Bxd7 16. Re1 Bc6 17. Be3 e6 18. Rc1 Qh4 19. Qc2 Red8 20. b4 b6 21. f3 Rac8 22. Ne4 h6 23. Red1 Qe7 24. Qd2 g5 25. Ng3 f5 26. Nh5 Bh8 27. f4 Qf7 28. Ng3 e5 29. Nxf5 Qxf5 30. fxg5 h5 31. Rc3 Bd5 32. Rxc8 Rxc8 33. Rf1 Qe6 34. Qe2 Qg6 35. Qf2 Bg7 36. h3 Qe6 37. Qh4 Qg6 38. d4 Rc2 39. Rf2 exd4 40. Bxd4 Rc1+ 41. Kh2 Qd6+ 42. Qf4 Qxf4+ 43. Rxf4 Rc2 44. Rf2 Be5+ 45. g3 Rc1 0-1